000 00756nam a2200265 i 4500
001 14173
003 ES-MaACL
005 20250523062555.0
007 t|
008 881123s1993 sp ||||0| spa j ..|
015 _a1988-DIC-24842
016 7 _zSAB9000034311
020 _a84-85708-14-8
040 _aM-BN-DP
_bspa
_cM-BN-DP
080 _a875-21"-04"
100 0 _aSófocles.
_9107023
245 1 0 _aEdipo rey /
_cSófocles ; versión rítmica de A. García Calvo.
250 _a3ª ed.
260 _aMadrid :
_bLucina,
_c1993.
300 _a69 p. ;
_c19 cm.
500 _aTraducción del griego.
700 1 _aGarcía Calvo, Agustín,
_d1926-2012
_9233841
852 _aES-MaACL
_jL-21449
_bR.126744
999 _c14173
_d14173